| 000 | 00585nam a2200181 a 4500 | ||
|---|---|---|---|
| 005 | 20250308063753.0 | ||
| 008 | 991125s1980 mx 000 0 spa u | ||
| 035 | _aUPN01000011451 | ||
| 049 | _aCG | ||
| 050 | 4 |
_aTD883.7 M6 _bM4.2 |
|
| 110 | 1 |
_aMéxico. _bSecretaría de Desarrollo Urbano y Ecología _928179 |
|
| 245 | 1 | 3 |
_aLa contaminación atmosférica en el Valle de México / _cSecretaría de Desarrollo Urbano y Ecología. |
| 260 |
_aMéxico : _bSEDUE, _c[198-]. |
||
| 300 | _a59 p. | ||
| 650 | 4 |
_aAIRE - _xCONTAMINACION _91966 |
|
| 650 | 2 |
_aContaminación _95710 |
|
| 905 | _aLibro | ||
| 999 |
_c11451 _d11451 |
||